[Event "Chigorin Memorial"]
[Site "St Petersburg"]
[Date "2015.10.08"]
[Round "6.33"]
[White "Pushkov, Nikolai"]
[Black "Franco Alonso, Alejandro"]
[Result "1/2-1/2"]
[WhiteElo "2314"]
[BlackElo "2450"]
[PlyCount "86"]
[EventDate "2015.10.03"]
[EventRounds "9"]
[EventCountry "RUS"]

1. Nf3 Nf6 2. c4 e6 3. Nc3 d5 4. d4 dxc4 5. Qa4+ c6 6. Qxc4 b5 7. Qd3 a6 8. e4
c5 9. dxc5 Qxd3 10. Bxd3 Bxc5 11. e5 Nfd7 12. Be4 Ra7 13. O-O Bb7 14. Bxb7 Rxb7
15. Ne4 O-O 16. Rd1 Rc8 17. Bf4 h6 18. h4 Be7 19. Nd6 Bxd6 20. Rxd6 Rc2 21. Rd2
Rxd2 22. Bxd2 Rc7 23. a4 Rb7 24. axb5 Rxb5 25. Bc3 Nb6 26. Bd4 Nc6 27. Bxb6
Rxb6 28. Rc1 Kf8 29. h5 Ke7 30. Rc4 a5 31. b3 Kd7 32. Nd4 Nxe5 33. Rc5 Ng4 34.
Rxa5 Rd6 35. Ra7+ Ke8 36. Ra8+ Kd7 37. Ra7+ Ke8 38. Ra8+ Ke7 39. Ra4 Nf6 40.
Ra7+ Ke8 41. Ra8+ Ke7 42. Ra7+ Ke8 43. Ra8+ Ke7 1/2-1/2

[Event "Chigorin Memorial"]
[Site "St Petersburg"]
[Date "2015.10.08"]
[Round "6.34"]
[White "Baghdasaryan, Vahe"]
[Black "Semiev, Suhrab"]
[Result "1-0"]
[WhiteElo "2439"]
[BlackElo "2306"]
[PlyCount "151"]
[EventDate "2015.10.03"]
[EventRounds "9"]
[EventCountry "RUS"]

1. Nf3 d5 2. g3 Nc6 3. d4 Bg4 4. Bg2 Qd7 5. c4 O-O-O 6. Nc3 e6 7. c5 f6 8. b4
Nxb4 9. Rb1 Na6 10. Nd2 Ne7 11. O-O e5 12. Nc4 exd4 13. Na4 Nc6 14. Qb3 Ncb4
15. Na3 Qc6 16. Bd2 Bd7 17. Nb2 Bxc5 18. Nd3 Bf5 19. Nxc5 Bxb1 20. Nxa6 Nxa6
21. Rxb1 Nc5 22. Qb4 Ne6 23. Bh3 b6 24. Rc1 Qd7 25. Bf4 c6 26. Nb5 Kb7 27. Nxd4
Rhe8 28. Rxc6 Nxd4 29. Bxd7 Nxe2+ 30. Kf1 Rxd7 31. Qb5 Ree7 32. Rd6 Rxd6 33.
Bxd6 Nc3 34. Qd3 Rd7 35. Bf4 Ne4 36. f3 Nc5 37. Qf5 d4 38. Bd2 h6 39. a4 Kc6
40. a5 Kb5 41. Qb1+ Kc6 42. Qa2 Kb5 43. h4 Rd6 44. h5 Rd7 45. Ke1 Rd6 46. Kd1
Rd7 47. g4 Rd6 48. Qb1+ Kc6 49. f4 Rd7 50. Qf5 Kb5 51. Qb1+ Kc6 52. axb6 axb6
53. Bb4 Re7 54. Qg6 Kb5 55. Ba3 Rd7 56. Qe8 Kc6 57. Qc8+ Rc7 58. Qa8+ Kb5 59.
Qe8+ Kc4 60. Qd8 Rb7 61. Bb2 Rd7 62. Qe8 Kb5 63. Ke2 Kc4 64. Ba3 Ra7 65. Bxc5
bxc5 66. Qg8+ Kb5 67. Qb3+ Ka6 68. Kd3 Rb7 69. Qg8 Kb6 70. Kc4 Rc7 71. Qb8+ Kc6
72. Qb5+ Kd6 73. Qb6+ Kd7 74. Kd5 c4 75. Qe6+ Kd8 76. Kd6 1-0

[Event "Chigorin Memorial"]
[Site "St Petersburg"]
[Date "2015.10.08"]
[Round "6.36"]
[White "Kozionov, Kirill"]
[Black "Rjabzev, Konstantin"]
[Result "1-0"]
[WhiteElo "2409"]
[BlackElo "2298"]
[PlyCount "39"]
[EventDate "2015.10.03"]
[EventRounds "9"]
[EventCountry "RUS"]

1. c4 d6 2. d4 e5 3. e3 exd4 4. exd4 Nf6 5. Nc3 Nc6 6. h3 Bf5 7. Nf3 Qe7+ 8.
Be2 O-O-O 9. Be3 d5 10. c5 Ne4 11. Qa4 Ng3 12. Bb5 Nb8 13. Qxa7 Nxh1 14. Ne5
Bd7 15. Nxd5 Qe6 16. Bc4 f6 17. c6 Qxc6 18. Nxc6 Bxc6 19. Nf4 Bb4+ 20. Ke2 1-0

[Event "Chigorin Memorial"]
[Site "St Petersburg"]
[Date "2015.10.08"]
[Round "6.37"]
[White "Smirnov, Timofey"]
[Black "Korchmar, Vasiliy"]
[Result "1/2-1/2"]
[WhiteElo "2289"]
[BlackElo "2402"]
[PlyCount "133"]
[EventDate "2015.10.03"]
[EventRounds "9"]
[EventCountry "RUS"]

1. e4 c5 2. Nf3 e6 3. d4 cxd4 4. Nxd4 a6 5. Nc3 d6 6. Be2 b5 7. a3 Bb7 8. O-O
Nf6 9. f3 Be7 10. Be3 Nbd7 11. Qd2 Rc8 12. Rfd1 O-O 13. Bd3 Ne5 14. Qe1 Qc7 15.
Bf1 Qb8 16. Bf2 Rfe8 17. Bg3 Ng6 18. Qd2 Nh5 19. Bf2 Bd8 20. g3 Nf6 21. Bg2 Ne5
22. Nde2 d5 23. exd5 Nxd5 24. Nxd5 Bxd5 25. Nd4 Nc4 26. Qc1 Qb7 27. Re1 Bb6 28.
b3 Ne5 29. Qf4 Ng6 30. Qd2 Bxd4 31. Bxd4 Bxf3 32. Bf1 Red8 33. Qf2 Bd5 34. a4
b4 35. Bd3 Bc6 36. h4 Rd5 37. Rad1 Rcd8 38. Bb2 a5 39. Be2 Rxd1 40. Rxd1 Rxd1+
41. Bxd1 Qd7 42. Qd4 Ne5 43. Qxd7 Nxd7 44. c3 Kf8 45. cxb4 axb4 46. Bc1 Nf6 47.
Bd2 Nd5 48. Bf3 Ke8 49. a5 Kd7 50. Bxd5 Bxd5 51. Bxb4 Bxb3 52. Bf8 g6 53. Kf2
e5 54. a6 Ke6 55. a7 Bd5 56. Ke3 Kf5 57. Bd6 f6 58. Be7 h5 59. Bd8 g5 60. hxg5
fxg5 61. Kf2 Kg4 62. Bf6 e4 63. Be7 h4 64. gxh4 Kxh4 65. Bd6 Kh3 66. Bc7 g4 67.
Bd6 1/2-1/2

[Event "Chigorin Memorial"]
[Site "St Petersburg"]
[Date "2015.10.08"]
[Round "6.38"]
[White "Slavin, Alexey"]
[Black "Iljin, Timofey"]
[Result "1/2-1/2"]
[WhiteElo "2401"]
[BlackElo "2266"]
[PlyCount "105"]
[EventDate "2015.10.03"]
[EventRounds "9"]
[EventCountry "RUS"]

1. e4 c5 2. Nf3 Nc6 3. d4 cxd4 4. Nxd4 Nf6 5. Nc3 e5 6. Ndb5 d6 7. Bg5 a6 8.
Na3 b5 9. Nd5 Be7 10. Bxf6 Bxf6 11. c4 b4 12. Nc2 O-O 13. h4 a5 14. g3 Be6 15.
Bg2 Rc8 16. Nce3 Nd4 17. Qd3 g6 18. O-O-O Bg7 19. h5 f5 20. hxg6 hxg6 21. exf5
gxf5 22. g4 e4 23. Bxe4 fxe4 24. Qxe4 Bxd5 25. Qxd5+ Rf7 26. Rxd4 Bxd4 27. Qxd4
Qf6 28. Qd3 a4 29. Nd5 Qg7 30. g5 Qxg5+ 31. f4 Qg2 32. Re1 a3 33. Re2 Qg1+ 34.
Kc2 axb2 35. Kxb2 Qg7+ 36. Kb3 Ra7 37. Nxb4 Rca8 38. Qd5+ Kf8 39. Qxd6+ Kg8 40.
Qd5+ Kf8 41. Qc5+ Kg8 42. Qd5+ Kf8 43. Qd6+ Kg8 44. Qe5 Qg3+ 45. Kb2 Qa3+ 46.
Kc2 Qa4+ 47. Kc1 Rg7 48. Qd5+ Kf8 49. Qc5+ Kg8 50. Nd5 Qa3+ 51. Qxa3 Rxa3 52.
f5 Rga7 53. Kb1 {unreadable} 1/2-1/2

[Event "Chigorin Memorial"]
[Site "St Petersburg"]
[Date "2015.10.08"]
[Round "6.39"]
[White "Orlov, Konstantin"]
[Black "Khusenkhojaev, Muhammad"]
[Result "0-1"]
[WhiteElo "2222"]
[BlackElo "2398"]
[PlyCount "108"]
[EventDate "2015.10.03"]
[EventRounds "9"]
[EventCountry "RUS"]

1. Nf3 Nf6 2. c4 g6 3. b3 Bg7 4. Bb2 O-O 5. e3 c6 6. d4 d5 7. Bd3 Nbd7 8. Nc3
dxc4 9. bxc4 e5 10. O-O exd4 11. exd4 Nb6 12. Qb3 Bg4 13. Ne5 Be6 14. a4 Qc7
15. a5 Nbd7 16. f4 Rfd8 17. Ne4 Nxe4 18. Bxe4 f6 19. Nxd7 Rxd7 20. f5 Bf7 21.
Qc2 g5 22. a6 b6 23. Rad1 Rad8 24. Rd2 Bf8 25. Rfd1 Bd6 26. g3 Bh5 27. Re1 Bc5
28. Bd5+ cxd5 29. dxc5 Qxc5+ 30. Bd4 Qxc4 31. Bxf6 Qxc2 32. Rxc2 Rf8 33. Bxg5
Rxf5 34. Rc8+ Kg7 35. Bd2 d4 36. Re4 Bf3 37. Rxd4 Rxd4 38. Bc3 Rfd5 39. Rc4 Be2
40. Rxd4 Rxd4 41. Bxd4+ Kf7 42. Be5 Ke6 43. Bb8 Kd7 44. Kf2 Bxa6 45. Bxa7 Kc7
46. Ke3 Kb7 47. Bxb6 Kxb6 48. Kf4 Kc6 49. Kg5 Kd5 50. Kh6 Bd3 51. g4 Ke5 52. h4
Kf4 53. g5 Bg6 54. h5 Kf5 0-1

[Event "Chigorin Memorial"]
[Site "St Petersburg"]
[Date "2015.10.08"]
[Round "6.40"]
[White "Gogin, Maksim"]
[Black "Duzhakov, Ilya"]
[Result "1/2-1/2"]
[WhiteElo "2220"]
[BlackElo "2381"]
[PlyCount "85"]
[EventDate "2015.10.03"]
[EventRounds "9"]
[EventCountry "RUS"]

1. d4 g6 2. Nf3 Nf6 3. g3 Bg7 4. Bg2 d5 5. O-O c6 6. c4 dxc4 7. a4 O-O 8. Na3
Be6 9. Ng5 Bd5 10. e4 h6 11. exd5 hxg5 12. dxc6 Nxc6 13. Nxc4 Qxd4 14. Qxd4
Nxd4 15. Bxg5 Rac8 16. Ne3 b6 17. Rfd1 Ne6 18. Bxf6 exf6 19. a5 f5 20. axb6
axb6 21. Nd5 Rc2 22. Ra4 Rxb2 23. Rb4 Rxb4 24. Nxb4 Bd4 25. Nc6 Bc5 26. Rd7 Kg7
27. Bd5 Ng5 28. Kg2 Ne4 29. Nd8 Kf6 30. f4 Nd6 31. Kf1 Nc8 32. Nxf7 Ne7 33. Ne5
g5 34. Bc4 gxf4 35. gxf4 Ng6 36. Nxg6 Kxg6 37. Kg2 Ra8 38. Bf7+ Kf6 39. Bb3 Kg6
40. Bf7+ Kf6 41. Bb3 Kg6 42. Bf7+ Kf6 43. Bb3 1/2-1/2

[Event "Chigorin Memorial"]
[Site "St Petersburg"]
[Date "2015.10.08"]
[Round "6.41"]
[White "Bublei, Pavel"]
[Black "Salman, Pavel"]
[Result "1-0"]
[WhiteElo "2380"]
[BlackElo "2183"]
[PlyCount "91"]
[EventDate "2015.10.03"]
[EventRounds "9"]
[EventCountry "RUS"]

1. d4 Nf6 2. c4 e6 3. Nc3 Bb4 4. Bd2 O-O 5. e3 d5 6. a3 Be7 7. Nf3 b6 8. cxd5
exd5 9. Bd3 Bg4 10. Qc2 Bxf3 11. gxf3 c5 12. Ne2 Nbd7 13. Bc3 Re8 14. O-O Bf8
15. b3 Rc8 16. Ba6 Rb8 17. a4 Qc7 18. Qb2 h5 19. Rfd1 Bd6 20. h3 Qd8 21. Bb5
Re6 22. Kf1 Nf8 23. Bd3 Ne8 24. dxc5 bxc5 25. Bf5 d4 26. exd4 Rf6 27. Qc2 g6
28. Be4 Qc8 29. Kg2 Ne6 30. dxc5 Ng5 31. Ng1 Bc7 32. Bxf6 Nxf6 33. Bxg6 Qe6 34.
Re1 Qxb3 35. Rab1 Qd5 36. Rxb8+ Bxb8 37. Bf5 Qd4 38. c6 Qf4 39. Re7 Bc7 40. Qb2
Qxf5 41. Rxc7 Nd5 42. Rxa7 Nf4+ 43. Kh1 Nh7 44. Ra8+ Nf8 45. c7 Qg5 46. Rxf8+
1-0

[Event "Chigorin Memorial"]
[Site "St Petersburg"]
[Date "2015.10.08"]
[Round "6.42"]
[White "Rodin, Dmitrij"]
[Black "Danielyan, Vahe"]
[Result "1-0"]
[WhiteElo "2378"]
[BlackElo "2151"]
[PlyCount "103"]
[EventDate "2015.10.03"]
[EventRounds "9"]
[EventCountry "RUS"]

1. e4 e5 2. Nf3 Nc6 3. Bb5 Nf6 4. O-O Nxe4 5. d4 Nd6 6. Bxc6 dxc6 7. dxe5 Nf5
8. Qxd8+ Kxd8 9. Nc3 Ke8 10. h3 h5 11. Ne2 Be7 12. Re1 Be6 13. Nf4 Rd8 14. Nxe6
fxe6 15. Bf4 Nd4 16. Nxd4 Rxd4 17. Be3 Rd5 18. f4 Bc5 19. Bxc5 Rxc5 20. c3 Rf8
21. Re4 Rd5 22. Rf1 h4 23. Rf3 Rd2 24. Rf2 Rd1+ 25. Rf1 Rd3 26. Rf2 a5 27. Kf1
Ke7 28. Ke2 Rfd8 29. Re3 Rd2+ 30. Kf3 Rxf2+ 31. Kxf2 Kf7 32. Ke2 Kg6 33. Rd3
Rxd3 34. Kxd3 Kf5 35. Ke3 c5 36. Kf3 c4 37. g4+ hxg3 38. Kxg3 Ke4 39. Kg4 a4
40. a3 c5 41. h4 b5 42. Kg5 b4 43. h5 b3 44. Kg6 Kxf4 45. Kxg7 Ke3 46. h6 Kd2
47. h7 Kc1 48. h8=Q Kxb2 49. Qh2+ Kxc3 50. Qe2 Kd4 51. Qd2+ Kxe5 52. Qc3+ 1-0

[Event "Chigorin Memorial"]
[Site "St Petersburg"]
[Date "2015.10.08"]
[Round "6.43"]
[White "Palachev, Petr"]
[Black "Abasheeva, Ksenia"]
[Result "1-0"]
[WhiteElo "2373"]
[BlackElo "1780"]
[PlyCount "69"]
[EventDate "2015.10.03"]
[EventRounds "9"]
[EventCountry "RUS"]

1. d4 Nf6 2. Nf3 c5 3. e3 g6 4. dxc5 Qa5+ 5. Nbd2 Bg7 6. a3 Qxc5 7. b4 Qc7 8.
Bb2 O-O 9. c4 d6 10. Be2 Nc6 11. O-O a5 12. Qb3 Bd7 13. Rfc1 Rfc8 14. h3 Qb6
15. Bc3 Ne8 16. Bxg7 Nxg7 17. Ng5 Ne6 18. Bg4 Nxg5 19. Bxd7 Rc7 20. Bxc6 bxc6
21. c5 dxc5 22. Rxc5 Ne6 23. Rxa5 Rxa5 24. bxa5 Qxa5 25. Nc4 Qb5 26. Qc2 Ra7
27. a4 Qb4 28. Ne5 c5 29. Nc6 Qb6 30. Nxa7 Qxa7 31. a5 Qa6 32. Qb2 Qa8 33. a6
Nd8 34. a7 Nc6 35. Qb6 1-0

[Event "Chigorin Memorial"]
[Site "St Petersburg"]
[Date "2015.10.08"]
[Round "6.45"]
[White "Tersinsev, Andrey"]
[Black "Atabayev, Saparmyrat"]
[Result "0-1"]
[WhiteElo "2023"]
[BlackElo "2368"]
[PlyCount "78"]
[EventDate "2015.10.03"]
[EventRounds "9"]
[EventCountry "RUS"]

1. d4 Nf6 2. c4 c5 3. d5 e6 4. Nc3 exd5 5. cxd5 d6 6. e4 g6 7. Bd3 Bg7 8. h3
O-O 9. Nf3 Na6 10. O-O Nc7 11. Qc2 a6 12. a4 b6 13. Rb1 b5 14. axb5 axb5 15.
Nxb5 Nxb5 16. Bxb5 Nxe4 17. Bc6 Rb8 18. Re1 Rb4 19. Ra1 Bf5 20. g4 Ng5 21. Bxg5
Bxc2 22. Bxd8 Rxd8 23. Ra7 Rf4 24. Ng5 Bd4 25. Re2 Bd1 26. Rd2 Bxg4 27. Nxf7
Rxf7 28. Rxf7 Kxf7 29. hxg4 Rb8 30. Kf1 Bxb2 31. Ke2 Rb4 32. Kd3 Be5 33. Bd7
Kf6 34. Be6 c4+ 35. Kc2 Kg5 36. f3 Kf4 37. Rd1 Rb2+ 38. Kc1 c3 39. Rh1 Bd4 0-1

[Event "Chigorin Memorial"]
[Site "St Petersburg"]
[Date "2015.10.08"]
[Round "6.46"]
[White "Royset, Pal"]
[Black "Maletin, Pavel"]
[Result "0-1"]
[WhiteElo "2234"]
[BlackElo "2581"]
[PlyCount "182"]
[EventDate "2015.10.03"]
[EventRounds "9"]
[EventCountry "RUS"]

1. e4 c5 2. c3 Nf6 3. e5 Nd5 4. d4 cxd4 5. Nf3 d6 6. cxd4 Nc6 7. Bc4 Nb6 8. Bb3
dxe5 9. d5 Na5 10. Nc3 Bg4 11. h3 Bxf3 12. Qxf3 g6 13. h4 Bg7 14. h5 Nxb3 15.
axb3 e4 16. Qxe4 Bxc3+ 17. bxc3 Qxd5 18. Qxd5 Nxd5 19. hxg6 fxg6 20. Bh6 Kf7
21. c4 Nf6 22. Be3 a6 23. Ke2 Rac8 24. Rhd1 Rc6 25. f3 Rhc8 26. Ra5 Rd6 27.
Rxd6 exd6 28. Bd4 Nd7 29. Kd3 Ke6 30. Ra1 Ne5+ 31. Ke4 Nc6 32. Bc3 Ne7 33. Kd3
d5 34. Re1+ Kf7 35. cxd5 Nxd5 36. Bd2 Rd8 37. Kc2 h5 38. Bg5 Rd7 39. Re4 b5 40.
g4 Rd6 41. Rd4 hxg4 42. fxg4 Ke6 43. Re4+ Kd7 44. Rd4 Kc6 45. Re4 Nc7 46. Bd2
Ne6 47. Bc3 Kd7 48. Bf6 Rc6+ 49. Kb2 Rc5 50. Bc3 Rd5 51. Kc2 Rc5 52. Kb2 Rc8
53. Bf6 Kd6 54. Re1 Rc5 55. Ra1 Rc6 56. Rd1+ Kc7 57. Rh1 Kb6 58. Bh8 Nf4 59.
Bd4+ Kb7 60. Rh7+ Kc8 61. Rg7 Kd8 62. Kb1 Ke8 63. Ra7 Nd3 64. g5 Kf8 65. Bf6
Nf4 66. Rg7 Re6 67. Ra7 Nd5 68. Bg7+ Ke8 69. Ra8+ Kd7 70. Bd4 Ne7 71. Ra7+ Kc8
72. Ra8+ Kc7 73. Rh8 Nd5 74. Rg8 Kb7 75. Kc2 a5 76. Rd8 Nb4+ 77. Kd2 Nc6 78.
Rd7+ Kc8 79. Rd5 Nxd4 80. Rxd4 Re5 81. Rg4 Kc7 82. Kc3 Kc6 83. Kd4 Rd5+ 84. Kc3
Kc5 85. Rg1 Rf5 86. Rg4 Kd5 87. Kd3 Rf3+ 88. Kc2 Ke5 89. Kb2 Kf5 90. Rg2 Rf4
91. Ka3 Rg4 0-1

[Event "Chigorin Memorial"]
[Site "St Petersburg"]
[Date "2015.10.08"]
[Round "6.47"]
[White "Blomqvist, Erik"]
[Black "Turikov, Viktor"]
[Result "1-0"]
[WhiteElo "2530"]
[BlackElo "2239"]
[PlyCount "53"]
[EventDate "2015.10.03"]
[EventRounds "9"]
[EventCountry "RUS"]

1. e4 d6 2. d4 Nf6 3. Nc3 c6 4. Nf3 Bg4 5. h3 Bxf3 6. Qxf3 Nbd7 7. Be2 g6 8.
Be3 Bg7 9. g4 h6 10. h4 h5 11. gxh5 Nxh5 12. O-O-O Qc7 13. Kb1 a6 14. a3 b5 15.
Rhg1 Rb8 16. Qh3 b4 17. axb4 Rxb4 18. Na2 Rb8 19. f4 c5 20. f5 cxd4 21. Bxd4
Bxd4 22. Rxd4 Nf4 23. Qg4 Nxe2 24. Qxe2 Rxb2+ 25. Kxb2 Qb6+ 26. Kc3 Rxh4 27.
Qc4 1-0

[Event "Chigorin Memorial"]
[Site "St Petersburg"]
[Date "2015.10.08"]
[Round "6.48"]
[White "Golubov, Saveliy"]
[Black "Dimitrova, Aleksandra"]
[Result "1-0"]
[WhiteElo "2453"]
[BlackElo "2235"]
[PlyCount "73"]
[EventDate "2015.10.03"]
[EventRounds "9"]
[EventCountry "RUS"]

1. d4 Nf6 2. c4 e6 3. Nc3 Bb4 4. e3 O-O 5. Nge2 d5 6. a3 Be7 7. cxd5 exd5 8. g3
Nbd7 9. Bg2 Nb6 10. O-O Re8 11. Qd3 c6 12. f3 c5 13. dxc5 Bxc5 14. b4 Bf8 15.
Nf4 Be6 16. g4 a5 17. Rb1 axb4 18. axb4 Bd6 19. g5 Nfd7 20. Nxe6 fxe6 21. f4
Nb8 22. Rd1 Bf8 23. f5 Nc6 24. fxe6 Nxb4 25. Qd4 Qd6 26. Nb5 Qc6 27. Rxb4 Bxb4
28. Qxb4 Ra4 29. Qb3 Rc4 30. Nd4 Qc7 31. Bd2 Qc5 32. Rb1 Nc8 33. Bf1 Nd6 34.
Bb4 Qc7 35. Bxd6 Qxd6 36. Bxc4 dxc4 37. Qxb7 1-0

[Event "Chigorin Memorial"]
[Site "St Petersburg"]
[Date "2015.10.08"]
[Round "6.49"]
[White "Eraschenkov, Denis"]
[Black "Askerov, Marat"]
[Result "1-0"]
[WhiteElo "2402"]
[BlackElo "2232"]
[PlyCount "67"]
[EventDate "2015.10.03"]
[EventRounds "9"]
[EventCountry "RUS"]

1. e4 c6 2. d4 d5 3. exd5 cxd5 4. c4 Nf6 5. Nc3 e6 6. Nf3 Bb4 7. Bd3 dxc4 8.
Bxc4 O-O 9. O-O b6 10. Bg5 Bb7 11. Re1 Nbd7 12. Rc1 Rc8 13. Bd3 Bxc3 14. bxc3
Qc7 15. Ne5 Nxe5 16. dxe5 Qc6 17. f3 Nd5 18. c4 Qc5+ 19. Kh1 Nb4 20. Bb1 f5 21.
Qd7 Qc6 22. Qd2 Na6 23. Red1 Rf7 24. Qe1 Rd7 25. h4 Rxd1 26. Rxd1 Qxc4 27. Rd7
Qc6 28. Qd2 Nc5 29. Re7 Rf8 30. Bf6 gxf6 31. exf6 Rxf6 32. Qg5+ Rg6 33. Qh5 Kf8
34. Qxh7 1-0

[Event "Chigorin Memorial"]
[Site "St Petersburg"]
[Date "2015.10.08"]
[Round "6.50"]
[White "Pashinsky, Mikhail"]
[Black "Litvinov, Maxim"]
[Result "1-0"]
[WhiteElo "2228"]
[BlackElo "2397"]
[PlyCount "89"]
[EventDate "2015.10.03"]
[EventRounds "9"]
[EventCountry "RUS"]

1. d4 Nf6 2. c4 e6 3. Nc3 Bb4 4. e3 b6 5. Nge2 Bb7 6. a3 Be7 7. d5 O-O 8. Ng3
d6 9. e4 Nbd7 10. Be2 g6 11. O-O Ne8 12. Bh6 Ng7 13. f4 e5 14. f5 Bg5 15. Bxg5
Qxg5 16. Qc1 Qh4 17. b4 a5 18. Rb1 Qd8 19. Qh6 Ne8 20. Rb3 Nef6 21. h4 axb4 22.
axb4 Kh8 23. Qg5 Qe7 24. Nb5 c6 25. fxg6 hxg6 26. Bg4 cxb5 27. Bxd7 Ng8 28.
Bxb5 Qxg5 29. hxg5 Ra2 30. Bc6 Ba6 31. b5 Bc8 32. Rbb1 f5 33. Ra1 Rc2 34. Rfc1
Rb2 35. Ra8 f4 36. Nf1 Ne7 37. Rca1 f3 38. gxf3 Rb3 39. Nh2 Kg8 40. R1a7 Rb1+
41. Kg2 Kf7 42. Bd7 Rh8 43. Bxc8 Rb2+ 44. Kg3 Rhxh2 45. Be6+ 1-0

[Event "Chigorin Memorial"]
[Site "St Petersburg"]
[Date "2015.10.08"]
[Round "6.51"]
[White "Igonin, Temur"]
[Black "Urazayev, Arystanbek"]
[Result "0-1"]
[WhiteElo "2390"]
[BlackElo "2217"]
[PlyCount "112"]
[EventDate "2015.10.03"]
[EventRounds "9"]
[EventCountry "RUS"]

1. e4 c5 2. Nf3 d6 3. d4 cxd4 4. Nxd4 Nf6 5. Nc3 g6 6. Be3 Bg7 7. f3 O-O 8. Qd2
Nc6 9. O-O-O d5 10. exd5 Nxd5 11. Nxc6 bxc6 12. Bd4 e5 13. Bc5 Be6 14. Ne4 Rb8
15. Bc4 f5 16. Ng5 e4 17. Bb3 Qf6 18. c3 Bh6 19. h4 Rfe8 20. Rhe1 Bf7 21. Kb1
a5 22. fxe4 fxe4 23. g4 a4 24. Bd4 Bxg5 25. hxg5 Qe6 26. Rh1 h5 27. gxh5 e3 28.
Qh2 gxh5 29. g6 Bxg6+ 30. Bc2 e2 31. Rde1 Bxc2+ 32. Kxc2 Qf5+ 33. Kc1 Qf4+ 34.
Kb1 Qxh2 35. Rxh2 Nf4 36. Kc2 Rxb2+ 37. Kxb2 Nd3+ 38. Ka3 Nxe1 39. Bf2 Nd3 40.
Bh4 Re4 41. Bg3 Rg4 42. Rxe2 Rxg3 43. Re6 h4 44. Rxc6 h3 45. Rh6 Kg7 46. Rh5
Nf4 47. Rh4 Rxc3+ 48. Kxa4 Ng6 49. Re4 h2 50. Re1 Rc2 51. a3 Ne5 52. Rh1 Rb2
53. Ka5 Nc4+ 54. Ka4 Kh6 55. Rd1 Rg2 56. Rd8 Rg7 0-1

[Event "Chigorin Memorial"]
[Site "St Petersburg"]
[Date "2015.10.08"]
[Round "6.52"]
[White "Gevorgyan, David Sh"]
[Black "Larin, Maxim"]
[Result "1-0"]
[WhiteElo "2359"]
[BlackElo "2199"]
[PlyCount "131"]
[EventDate "2015.10.03"]
[EventRounds "9"]
[EventCountry "RUS"]

1. d4 Nf6 2. c4 c5 3. d5 e6 4. Nc3 exd5 5. cxd5 d6 6. Nf3 g6 7. Bf4 Bg7 8. h3
O-O 9. e3 a6 10. a4 Nh5 11. Bh2 f5 12. Be2 f4 13. Qd2 g5 14. Ne4 h6 15. Nfxg5
hxg5 16. Bxh5 Qe7 17. Nc3 Bd4 18. Nd1 fxe3 19. Nxe3 Nd7 20. O-O Ne5 21. Nc2
Bxb2 22. Rab1 Qg7 23. Rxb2 Nc4 24. Qe2 Nxb2 25. Bxd6 Bf5 26. Bxf8 Rxf8 27. Bg4
Bd3 28. Be6+ Kh7 29. Qh5+ Qh6 30. Qxh6+ Kxh6 31. Rc1 Bxc2 32. Rxc2 Nxa4 33. d6
Rd8 34. d7 b5 35. Bb3 Nb6 36. Rxc5 Nxd7 37. Rc6+ Kg7 38. Rxa6 Nc5 39. Ra7+ Kf6
40. Bc2 Rd2 41. Bh7 b4 42. Ra5 Ne6 43. Rb5 Rb2 44. Rb6 Ke5 45. g3 Nc5 46. Kg2
b3 47. Kf3 Rd2 48. Ke3 Rd8 49. f4+ gxf4+ 50. gxf4+ Kd5 51. Bg6 Rd7 52. h4 Re7+
53. Kf3 Ne6 54. h5 Kc5 55. Rb8 Nd4+ 56. Kg4 Re1 57. Kg5 Rg1+ 58. Kf6 Nb5 59.
Bd3 Nc7 60. Rxb3 Nd5+ 61. Ke5 Ne3 62. Bg6 Ng4+ 63. Ke6 Kd4 64. Rd3+ Kc4 65. Rh3
Re1+ 66. Kf7 1-0

[Event "Chigorin Memorial"]
[Site "St Petersburg"]
[Date "2015.10.08"]
[Round "6.53"]
[White "Akkozov, Berik"]
[Black "Purtov, Konstantin"]
[Result "1-0"]
[WhiteElo "2356"]
[BlackElo "2199"]
[PlyCount "97"]
[EventDate "2015.10.03"]
[EventRounds "9"]
[EventCountry "RUS"]

1. d4 d5 2. c4 Bf5 3. Nc3 e6 4. Nf3 Nf6 5. Bg5 Bb4 6. e3 Nc6 7. Be2 h6 8. cxd5
exd5 9. Bxf6 Bxc3+ 10. bxc3 Qxf6 11. Qb3 O-O-O 12. a4 g5 13. a5 g4 14. Nd2 Qg6
15. a6 b6 16. c4 Rhe8 17. Qc3 dxc4 18. Nxc4 Be4 19. Rc1 Re7 20. O-O f5 21. f3
gxf3 22. Bxf3 Qe6 23. Bxe4 Qxe4 24. Nd2 Qxe3+ 25. Qxe3 Rxe3 26. Rxc6 Rxd4 27.
Nf3 Ra4 28. Rfc1 Re7 29. Rxh6 Rxa6 30. Nd4 Ra4 31. Nxf5 Re5 32. Rf6 b5 33. h4
Rc4 34. Rb1 Rcc5 35. Nd4 Re4 36. Nxb5 Rxh4 37. Nxa7+ Kd7 38. Nb5 Ke7 39. Rg6
Kf7 40. Ra6 Rhh5 41. Rf1+ Ke8 42. Nd4 Rhd5 43. Ne6 Rc2 44. Ra8+ Ke7 45. Re1 Kf7
46. Rf8+ Kg6 47. Ref1 Re5 48. R1f6+ Kh5 49. Rh8+ 1-0

[Event "Chigorin Memorial"]
[Site "St Petersburg"]
[Date "2015.10.08"]
[Round "6.54"]
[White "Musaev, Rasul"]
[Black "Menkov, Aleksandr"]
[Result "1-0"]
[WhiteElo "2351"]
[BlackElo "2197"]
[PlyCount "37"]
[EventDate "2015.10.03"]
[EventRounds "9"]
[EventCountry "RUS"]

1. e4 c5 2. Nf3 e6 3. Nc3 Nc6 4. d4 cxd4 5. Nxd4 Nf6 6. Be3 Bb4 7. Nxc6 bxc6 8.
e5 Ne4 9. a3 Nxc3 10. Qg4 Nd5+ 11. axb4 Nxe3 12. fxe3 O-O 13. Bd3 f6 14. O-O
fxe5 15. Qh5 Rf5 16. Bxf5 exf5 17. Qxf5 Qe7 18. c3 d5 19. Rxa7 1-0

[Event "Chigorin Memorial"]
[Site "St Petersburg"]
[Date "2015.10.08"]
[Round "6.56"]
[White "Vunder, Andrey"]
[Black "Yeletsky, Ivan"]
[Result "0-1"]
[WhiteElo "2192"]
[BlackElo "2342"]
[PlyCount "100"]
[EventDate "2015.10.03"]
[EventRounds "9"]
[EventCountry "RUS"]

1. d4 d5 2. Nf3 Nf6 3. c4 e6 4. cxd5 exd5 5. Nc3 c6 6. Qc2 g6 7. Bg5 Be7 8. e4
Nxe4 9. Bxe7 Kxe7 10. Nxe4 dxe4 11. Qxe4+ Be6 12. Bc4 Re8 13. O-O Kf8 14. Bxe6
Rxe6 15. Qf4 Kg7 16. Rfe1 Rf6 17. Qe5 Nd7 18. Qe7 Rf5 19. h3 Qxe7 20. Rxe7 Rd8
21. Rae1 Kf8 22. R1e2 h6 23. Nh2 Rf4 24. Nf3 a5 25. R7e3 Nf6 26. Rb3 Rd7 27.
Rc2 Rf5 28. Rc5 Rxc5 29. dxc5 Ne4 30. Ne5 Rd1+ 31. Kh2 Rd5 32. Nd3 Nd2 33. Rc3
Nb1 34. Rc1 Rxd3 35. Rxb1 a4 36. b4 a3 37. b5 Rd2 38. bxc6 bxc6 39. Rb6 Rxf2
40. Rxc6 Rxa2 41. Ra6 Ke7 42. Ra7+ Ke6 43. c6 Kd6 44. c7 Kd7 45. h4 f5 46. Kg3
Ra1 47. Kf3 a2 48. Kf2 g5 49. hxg5 hxg5 50. g3 Rh1 0-1

[Event "Chigorin Memorial"]
[Site "St Petersburg"]
[Date "2015.10.08"]
[Round "6.57"]
[White "Zakaryan, David"]
[Black "Shpartko, Grigory"]
[Result "1-0"]
[WhiteElo "2335"]
[BlackElo "2193"]
[PlyCount "99"]
[EventDate "2015.10.03"]
[EventRounds "9"]
[EventCountry "RUS"]

1. e4 g6 2. d4 d6 3. Nc3 Bg7 4. Be3 Nf6 5. f3 O-O 6. Qd2 a6 7. O-O-O b5 8. h4
h5 9. Kb1 Nc6 10. Nh3 e5 11. d5 Na5 12. Bd3 c5 13. dxc6 Be6 14. Ng5 Rc8 15. Nd5
Rxc6 16. Nb4 Rc8 17. Nxa6 Bc4 18. b3 d5 19. exd5 Nxd5 20. Be4 Nxe3 21. Qxe3 Qf6
22. Nb4 Qe7 23. c3 Be6 24. Qb6 Bxb3 25. Qxa5 Bxd1 26. Rxd1 Bh6 27. Nd5 Qd8 28.
Qxd8 Rfxd8 29. Bc2 Kg7 30. Bb3 Rd6 31. Nxf7 Re6 32. Nxh6 Kxh6 33. Re1 g5 34.
hxg5+ Kxg5 35. f4+ Kh4 36. Ne3 Rg6 37. Nf5+ Kg4 38. Ne7 Rxc3 39. Bd1+ Kg3 40.
Nxg6 exf4 41. Bxh5 Kxg2 42. Nxf4+ Kf2 43. Re5 b4 44. Kb2 Rc4 45. Nd3+ Kg3 46.
Be2 Rh4 47. Rg5+ Kh3 48. Bf1+ Kh2 49. Rg2+ Kh3 50. Nf2# 1-0

[Event "Chigorin Memorial"]
[Site "St Petersburg"]
[Date "2015.10.08"]
[Round "6.58"]
[White "Kenneskog, Theodor"]
[Black "Dragun, Valentin"]
[Result "1-0"]
[WhiteElo "2334"]
[BlackElo "2190"]
[PlyCount "79"]
[EventDate "2015.10.03"]
[EventRounds "9"]
[EventCountry "RUS"]

1. d4 Nf6 2. c4 g6 3. Nc3 Bg7 4. e4 O-O 5. Be3 d6 6. f3 Nc6 7. Nge2 a6 8. Qd2
Rb8 9. Rc1 Bd7 10. b3 b5 11. cxb5 axb5 12. d5 Ne5 13. Nd4 b4 14. Ncb5 Rb7 15.
Nc6 Bxc6 16. dxc6 Rb8 17. Be2 d5 18. Bd4 Rxb5 19. Bxb5 Qd6 20. f4 Neg4 21. e5
Qe6 22. O-O Ne4 23. Qxb4 f6 24. Rce1 Kh8 25. exf6 exf6 26. a4 Rd8 27. a5 Bf8
28. Qa4 Nh6 29. a6 Nf5 30. Kh1 Ra8 31. a7 Bd6 32. Qa1 Nxd4 33. Qxd4 Qf5 34. Bd3
Bc5 35. Bxe4 dxe4 36. Qxe4 Rxa7 37. Qe8+ Kg7 38. Qd7+ Kg8 39. Re8+ Bf8 40. Qe7
1-0